| 000 | 00625nam a2200205 a 4500 | ||
|---|---|---|---|
| 001 | BRL_895 | ||
| 005 | 20190320210937.0 | ||
| 008 | 231013s1967----mx-a######---#000-0#spa-# | ||
| 041 | _aspa | ||
| 044 | _amx | ||
| 050 | 4 |
_aN6553 _b.M87 1967 |
|
| 245 | 1 | 0 |
_aMuseo Nacional del virreinato, Tepotzotlán _bGuía oficial |
| 260 |
_aMéxico _bInstituto Nacional de Antropologia e Historia _c1967 |
||
| 300 |
_a82 p. _bil. (algunas a color) _c20 cm. |
||
| 500 | _aAu1056 | ||
| 610 | 2 | 4 |
_aMuseo Nacional del Virreinato (Ciudad de México) _vGuías _925255 |
| 650 | 1 | 4 |
_aArte colonial _zMéxico _925256 |
| 902 | _aGRL | ||
| 942 |
_2lcc _cB |
||
| 999 |
_c9707 _d9707 |
||